Postage Stamps of China. The Anna-Lisa and Sven-Eric Beckeman Collection 1885 small dragons, 1894 dowager empress 60th birthday, 1897 new currency, 1897 red revenues, customs mail matter handstamps, Sale 1, 2, 3, 4 (Record no. 357)

000 -LEADER
fixed length control field 00659nam a22001457a 4500
003 - CONTROL NUMBER IDENTIFIER
control field OSt
008 - FIXED-LENGTH DATA ELEMENTS--GENERAL INFORMATION
fixed length control field 140122b xxu||||| |||| 00| 0 eng d
041 ## - LANGUAGE CODE
Language code of text/sound track or separate title eng
100 1# - MAIN ENTRY--PERSONAL NAME
Personal name Beckeman, Sven-Eric, and Anna-Lisa Beckeman
245 10 - TITLE STATEMENT
Title Postage Stamps of China. The Anna-Lisa and Sven-Eric Beckeman Collection 1885 small dragons, 1894 dowager empress 60th birthday, 1897 new currency, 1897 red revenues, customs mail matter handstamps, Sale 1, 2, 3, 4
246 10 - VARYING FORM OF TITLE
Title proper/short title the 'Mandarin' collectin formed by Anna-Lisa and Sven-Eric Beckeman of Sweden
260 ## - PUBLICATION, DISTRIBUTION, ETC. (IMPRINT)
Place of publication, distribution, etc. Hong Kong
Name of publisher, distributor, etc. Sotheby's and Corinphilia in association
300 ## - PHYSICAL DESCRIPTION
Extent 0 pages
650 #0 - SUBJECT ADDED ENTRY--TOPICAL TERM
Topical term or geographic name as entry element China -- Auction catalogs

No items available.

Powered by Koha